000
00238 a2200097 4500
090
_c
3800
_d
3800
100
_a
Alan Kelly
245
_a
Visual C++ in easy Steps
260
_a
Dreamtech Press
_b
New Delhi
_c
2000
942
_a
NBS
_c
BK
_k
005.118 KEL
999
_c
346264
_d
346264